1378 1760 1730 1984 1160 1866 1768 1160 1164 1338 1060 1171 1609 1872 1386 1227 1480 1522 1077 1576 1849 1010 1708 1811 1184 1322 1060 1042 1106 1931 1373 1256 1144 1063 1284 1460 1081 1750 1642 1661 1710 1069 1476 1439 1026 1074 1528 1253 1109 1896 1957 1526 1827 1827 1837 1294 1470 1316 1477 1529 1125 1903 1935 1327 1472 1437 1578 1467 1239 1872 1782 1622 1531 1197 1693 1510 1330 1473 1568 1307 1021 1469 1708 1003 1229 1021 1041 1261 1581 1579 1185 1092 1501 1780 1365 1109 1832 1987 1513 BCNSPRNW ULIB Ver.6.0+V

เปลี่ยนเป็นภาษาไทย

Change to English
 แสดงรายละเอียดบรรณานุกรม
  กลับหน้าหลัก

Brief Record : Get Marc (ISO 2709) : E-mail record : QR code < ปิดหน้าต่าง
LEADER : 00000nam 2200000uu 4500
001    13399111805
003     ULIB
008    110627s2551||||th 000 0 tha d
020    9789741002306
090    นว.^bต113จ 2551
100 0  แสตมป์เบอรี่
245 00 Ze-Guys แก๊งหล่อวายร้ายกับยัยจำเลยน่ารัก/^cแสตมป์เบอรี่
250    พิมพ์ครั้งที่ 1
260    กรุงเทพฯ :^bแจ่มใส,^c2551
300    213 หน้า
945    ^p159^l0^i024473
995    ทศพร
999 ^a ใช้งานได้ทุกระบบ
รายการนี้ยังไม่มีแท็ก
คุณยังไม่ได้ล็อกอิน คุณสามารถมีกิจกรรมร่วมกับเว็บไซต์ได้ แต่ต้องล็อกอินก่อน ::
  ล็อกอิน

รายการสื่อสารสนเทศ

ลำดับที่ ประเภท เลขเรียก/บาร์โค้ด สถานที่ สถานะ
- ไม่พบข้อมูล -

รายการใกล้เคียง
    ผู้แต่ง [แสตมป์เบอรี่]

BibComment


ยังไม่เคยถูกคอมเมนท์

คอมเมนท์ทรัพยากรรายการนี้
  คอมเมนท์: ZeGuys แก๊งหล่อวา..


 Copyright 2026. Bcnsprnw @Library